[Event "39th Olympiad Women"]
[Site "Khanty-Mansiysk RUS"]
[Date "2010.09.24"]
[Round "4"]
[White "Romero Echeverria, Abigail"]
[Black "Lematschko, Tatjana"]
[Result "1/2-1/2"]
[BlackTitle "WGM"]
[WhiteElo "2058"]
[BlackElo "2194"]
[Board "23.3"]
[WhiteTeam "ECU"]
[BlackTeam "SUI"]
[WhiteFideId "3603806"]
[BlackFideId "1300237"]
[EventDate "2010.09.21"]
[EventType "team"]

1. e4 c6 2. d4 d5 3. exd5 cxd5 4. Bd3 Nc6 5. c3 g6 6. Nf3 Bg7 7. O-O Bg4 8. h3
Bxf3 9. Qxf3 e6 10. Qd1 Bh6 11. Nd2 a6 12. Nf3 Bxc1 13. Rxc1 Nge7 14. Qd2 Nf5
15. Rfe1 Nd6 16. b3 b5 17. c4 bxc4 18. bxc4 dxc4 19. d5 Ne7 20. Bf1 exd5 21.
Qxd5 O-O 22. Qe5 Nc6 23. Qc5 Na5 24. Red1 Nab7 25. Qd5 Qe7 26. Ne5 Rac8 27. Nxc4
Rc5 28. Qf3 Nf5 29. Ne3 Nxe3 30. Qxe3 Qxe3 31. fxe3 Ra5 32. Rc7 Nd8 33. Bc4 Re5
34. Bxa6 Ne6 35. Rc3 Ra5 36. Bc4 Rc8 37. Rdc1 Rac5 38. R3c2 Re5 39. Bxe6 Rxc2
40. Bxf7+ Kxf7 41. Rxc2 Rxe3 42. Rc7+ Kf6 43. Ra7 h5 44. Kf2 Rc3 45. a4 Rc2+ 46.
Kf3 Rc3+ 47. Kf2 Rc2+ 48. Kg3 g5 49. a5 Rc3+ 50. Kh2 h4 51. a6 Rc1 52. Rb7 Ra1
53. a7 Kg6 54. Rb6+ Kg7 55. Rb5 Kg6 56. Rb7 Kh6 57. Rb6+ 1/2-1/2

[Event "39th Olympiad Women"]
[Site "Khanty-Mansiysk RUS"]
[Date "2010.09.24"]
[Round "4"]
[White "De Seroux, Camille"]
[Black "Orejuela Chango, Paulina"]
[Result "1-0"]
[WhiteElo "2020"]
[BlackElo "2037"]
[Board "23.4"]
[WhiteTeam "SUI"]
[BlackTeam "ECU"]
[WhiteFideId "1305620"]
[BlackFideId "3604403"]
[EventDate "2010.09.21"]
[EventType "team"]

1. e4 e5 2. Nf3 Nc6 3. d4 exd4 4. Nxd4 Bc5 5. Be3 Qf6 6. c3 Qg6 7. Qe2 Nge7 8.
Nb5 Bd6 9. Nd2 a6 10. Nxd6+ Qxd6 11. O-O-O O-O 12. Kb1 Qg6 13. h4 d5 14. h5 Qe6
15. f3 f5 16. Qe1 b5 17. Bc5 Re8 18. Bd3 Bd7 19. Bc2 a5 20. Qg3 b4 21. cxb4 Nxb4
22. Bxb4 axb4 23. exd5 Nxd5 24. Bb3 Kh8 25. Ne4 c6 26. Ng5 Qf6 27. h6 Re2 28.
hxg7+ Kg8 29. Bc2 Rxc2 30. Kxc2 f4 31. Qh4 Ne3+ 32. Kc1 Bf5 33. Ne4 1-0

[Event "39th Olympiad Women"]
[Site "Khanty-Mansiysk RUS"]
[Date "2010.09.24"]
[Round "4"]
[White "Kopinits, Anna-Christina"]
[Black "Perez, Dalila"]
[Result "1-0"]
[WhiteTitle "WIM"]
[WhiteElo "2210"]
[BlackElo "1684"]
[Board "24.2"]
[WhiteTeam "AUT"]
[BlackTeam "PAR"]
[WhiteFideId "1614142"]
[BlackFideId "3702014"]
[EventDate "2010.09.21"]
[EventType "team"]

1. e4 e6 2. d4 d5 3. Nd2 Nf6 4. e5 Nfd7 5. f4 c5 6. c3 Nc6 7. Ndf3 Qb6 8. a3 a5
9. b3 cxd4 10. cxd4 Be7 11. h4 h6 12. Rh3 O-O 13. Bd3 f6 14. Bb1 f5 15. h5 Rf7
16. Ra2 Nf8 17. Ne2 Bd7 18. Nc3 Na7 19. Ng1 Rc8 20. Nge2 Bb5 21. Bd3 Bxd3 22.
Rxd3 Bd8 23. Na4 Qc7 24. Rc3 Qb8 25. Qd3 Rfc7 26. Rac2 Be7 27. Nb6 Rxc3 28. Rxc3
Rxc3 29. Qxc3 Nc6 30. Bb2 Qe8 31. Qf3 Bd8 32. Na4 Nd7 33. g4 Qf8 34. Nac3 Na7
35. Nxd5 fxg4 36. Qxg4 Nxe5 37. Qxe6+ Nf7 38. a4 Nc6 39. Kd2 Ne7 40. Ba3 Qe8 41.
Ng3 Kh7 42. Nxe7 Bxe7 43. Qxe7 1-0

[Event "39th Olympiad Women"]
[Site "Khanty-Mansiysk RUS"]
[Date "2010.09.24"]
[Round "4"]
[White "Alderete, Jazmin"]
[Black "Novkovic, Julia"]
[Result "0-1"]
[BlackTitle "WFM"]
[WhiteElo "1568"]
[BlackElo "2134"]
[Board "24.3"]
[WhiteTeam "PAR"]
[BlackTeam "AUT"]
[WhiteFideId "3701697"]
[BlackFideId "12000086"]
[EventDate "2010.09.21"]
[EventType "team"]

1. d4 c5 2. c3 Qc7 3. Nf3 d5 4. e3 Nf6 5. Bd3 Nbd7 6. O-O e5 7. dxe5 Nxe5 8.
Nxe5 Qxe5 9. Nd2 Be7 10. Re1 O-O 11. e4 dxe4 12. Nxe4 Nxe4 13. Bxe4 Qc7 14. Qf3
Bd6 15. h3 a5 16. Qh5 f5 17. Bd5+ Kh8 18. Re8 Bd7 19. Rxa8 Rxa8 20. Bf7 Bh2+ 21.
Kh1 Bf4 22. Bg6 h6 23. Bxf5 Bxc1 24. Bxd7 Bxb2 25. Rd1 Rd8 26. Be8 Rxd1+ 27.
Qxd1 Bxc3 28. Bg6 Be5 29. Qe1 Qd6 30. f4 Qxg6 31. Qxe5 Qc6 32. Qf5 b6 33. Qf8+
Kh7 34. Kg1 Qf6 35. Qb8 c4 36. Qc7 Qa1+ 37. Kh2 Qd4 38. Qc6 Qxf4+ 39. Kh1 Qd4
40. Qc8 Qd5 41. Qc7 Qc5 42. Qb7 Qe3 43. Qf7 Qd3 44. Qc7 c3 45. Kh2 c2 46. Qc8 b5 0-1

[Event "39th Olympiad Women"]
[Site "Khanty-Mansiysk RUS"]
[Date "2010.09.24"]
[Round "4"]
[White "Newrkla, Katharina"]
[Black "Avalos, Leticia"]
[Result "0-1"]
[WhiteTitle "WFM"]
[BlackTitle "WCM"]
[WhiteElo "2123"]
[BlackElo "1633"]
[Board "24.4"]
[WhiteTeam "AUT"]
[BlackTeam "PAR"]
[WhiteFideId "1621629"]
[BlackFideId "3702073"]
[EventDate "2010.09.21"]
[EventType "team"]

1. e4 e6 2. d4 d5 3. Nc3 dxe4 4. Nxe4 Nd7 5. Nf3 Ngf6 6. Nxf6+ Nxf6 7. c3 Be7 8.
Bd3 c5 9. dxc5 Bxc5 10. O-O O-O 11. Qe2 Qc7 12. Bg5 Be7 13. Rad1 a5 14. c4 a4
15. Bd2 b6 16. Bc3 Qf4 17. Be5 Qh6 18. h3 Bb7 19. Rfe1 Bb4 20. Rf1 Ra5 21. Bd4
Bc5 22. Bc3 Raa8 23. Rfe1 Rad8 24. Bc2 Bd6 25. Qe3 Bf4 26. Qe2 Rc8 27. Bxa4 Rc5
28. Bd4 Rh5 29. Be3 Rxh3 30. gxh3 Qxh3 31. Bxf4 Bxf3 32. Qxf3 Qxf3 33. Bg3 Qg4
34. Rd3 0-1

[Event "39th Olympiad Women"]
[Site "Khanty-Mansiysk RUS"]
[Date "2010.09.24"]
[Round "4"]
[White "Zsiltzova-Lisenko, Lubov"]
[Black "Nasriddinzoda, Marvorii"]
[Result "0-1"]
[WhiteTitle "WIM"]
[WhiteElo "2282"]
[BlackElo "1943"]
[Board "25.1"]
[WhiteTeam "IBCA"]
[BlackTeam "TJK"]
[WhiteFideId "14101360"]
[BlackFideId "14700395"]
[EventDate "2010.09.21"]
[EventType "team"]

1. e4 e5 2. Nf3 Qe7 3. Nc3 c6 4. d4 d6 5. Bg5 Nf6 6. Bc4 h6 7. Bh4 Bg4 8. dxe5
dxe5 9. h3 Bh5 10. g4 Bg6 11. Qe2 Nbd7 12. O-O-O h5 13. g5 Nh7 14. Kb1 Qc5 15.
Bg3 O-O-O 16. h4 Qa5 17. Nd2 Bb4 18. Nb3 Qc7 19. Qe3 Bxc3 20. Qxc3 Bxe4 21. Rhe1
Bg6 22. a4 Rhe8 23. a5 f6 24. a6 b5 25. Bf1 Bf5 26. Bg2 Nb8 27. Nc5 Rxd1+ 28.
Rxd1 Rd8 29. Re1 Nf8 30. gxf6 gxf6 31. Bf3 Bg6 32. Ne4 Qe7 33. Nc5 Ne6 34. Nb7
Rd4 35. Rd1 Rxd1+ 36. Bxd1 Qd7 37. Be2 Nd4 38. Bd3 Bxd3 39. cxd3 Nxa6 40. Na5
Qd5 41. Qe1 Nc5 42. Qd1 Nf3 43. Ka1 Kc7 44. Qc1 Kb6 45. Qh6 Kxa5 46. Qxf6 Nb3+
47. Ka2 Nbd2+ 48. Ka1 Nb3+ 49. Ka2 Nfd2 50. Bxe5 Nc1+ 0-1

[Event "39th Olympiad Women"]
[Site "Khanty-Mansiysk RUS"]
[Date "2010.09.24"]
[Round "4"]
[White "Antonova, Nadezhda"]
[Black "Stolarczyk, Anna"]
[Result "0-1"]
[BlackTitle "WCM"]
[WhiteElo "1838"]
[BlackElo "2071"]
[Board "25.2"]
[WhiteTeam "TJK"]
[BlackTeam "IBCA"]
[WhiteFideId "14700182"]
[BlackFideId "1126423"]
[EventDate "2010.09.21"]
[EventType "team"]

1. f4 Nf6 2. Nf3 g6 3. b3 Bg7 4. Bb2 c5 5. e4 O-O 6. Qe2 b6 7. g3 Bb7 8. d3 d5
9. e5 Ne8 10. Bh3 Nc7 11. O-O Nc6 12. Nbd2 d4 13. Ne4 Nd5 14. Bc1 Re8 15. Nfg5
h6 16. Nxf7 Kxf7 17. Ng5+ hxg5 18. fxg5+ Nf6 19. e6+ Kg8 20. gxf6 exf6 21. Bf4
Ne5 22. Rf2 Bd5 23. Bxe5 fxe5 24. Qg4 Rxe6 25. Raf1 Bh6 26. Qxe6+ Bxe6 27. Bxe6+
Kh8 28. Rf6 Qe7 29. Rxg6 Be3+ 30. Kg2 Qb7+ 31. Rf3 Rf8 32. Bg4 Rxf3 33. Bxf3 Qa6
34. a4 Qa5 35. Bd5 Qd2+ 36. Kf3 Qxh2 37. Bc4 Kh7 38. Re6 Bf2 39. Rxe5 Qxg3+ 40.
Ke4 Qg2+ 41. Kf5 Qg6+ 0-1

[Event "39th Olympiad Women"]
[Site "Khanty-Mansiysk RUS"]
[Date "2010.09.24"]
[Round "4"]
[White "Lujan, Carolina"]
[Black "Houska, Jovanka"]
[Result "1/2-1/2"]
[WhiteTitle "IM"]
[BlackTitle "IM"]
[WhiteElo "2312"]
[BlackElo "2426"]
[Board "26.1"]
[WhiteTeam "ARG"]
[BlackTeam "ENG"]
[WhiteFideId "109878"]
[BlackFideId "405094"]
[EventDate "2010.09.21"]
[EventType "team"]

1. e4 c6 2. d4 d5 3. exd5 cxd5 4. c4 Nf6 5. Nc3 e6 6. Nf3 Be7 7. cxd5 Nxd5 8.
Bd3 Nc6 9. O-O Nf6 10. a3 O-O 11. Re1 b6 12. Bg5 Bb7 13. Rc1 Nd5 14. Be3 Nxc3
15. Rxc3 Rc8 16. Qc2 h6 17. Qd2 Bf6 18. Be4 Na5 19. Bxb7 Nxb7 20. Rxc8 Qxc8 21.
Bf4 Rd8 22. Rc1 Qd7 23. Rc7 Qd5 24. h3 Rd7 1/2-1/2

[Event "39th Olympiad Women"]
[Site "Khanty-Mansiysk RUS"]
[Date "2010.09.24"]
[Round "4"]
[White "Grigoryan, Meri"]
[Black "Amura, Claudia"]
[Result "0-1"]
[WhiteTitle "WFM"]
[BlackTitle "WGM"]
[WhiteElo "2099"]
[BlackElo "2329"]
[Board "26.2"]
[WhiteTeam "ENG"]
[BlackTeam "ARG"]
[WhiteFideId "13300571"]
[BlackFideId "100536"]
[EventDate "2010.09.21"]
[EventType "team"]

1. d4 Nf6 2. Nf3 g6 3. g3 Bg7 4. Bg2 O-O 5. O-O d5 6. c3 c5 7. Nbd2 Nbd7 8. Re1
Qb6 9. Qb3 Qc7 10. e4 cxd4 11. cxd4 Nb6 12. e5 Ne8 13. Nf1 Bf5 14. Ne3 Be4 15.
Bd2 Nc4 16. Nxc4 dxc4 17. Qa3 f5 18. Bb4 Bh6 19. Bxe7 Rf7 20. Bg5 Bf8 21. Qe3
Qc6 22. Nh4 Bxg2 23. Nxg2 b5 24. Rad1 Rd7 25. e6 Rd6 26. Bf4 Rd5 27. e7 Bg7 28.
Qf3 Rc8 29. Qe3 Qd7 30. Qe6+ Qxe6 31. Rxe6 Kf7 32. Ra6 Rxd4 33. Re1 Rd7 34. Bc1
Rcc7 35. Ne3 Bd4 36. Ra5 Rb7 37. a4 c3 38. b4 Rxe7 39. axb5 Nc7 40. Rd1 Bb6 41.
Ra2 Nxb5 42. Nc4 Re4 43. Na5 Rc7 44. Bf4 Rc8 45. Bg5 Nd4 46. Kf1 c2 47. Rc1 Nf3
48. Nb7 Ke6 49. Bf4 Rxb4 50. Raxc2 Rxc2 51. Rxc2 Rb1+ 52. Rc1 Rxc1+ 53. Bxc1 Kd7
54. Ba3 Nd2+ 55. Ke2 Nc4 56. Nc5+ Kc6 57. Ne6 Nxa3 58. Nf8 Bc5 59. Nxh7 Be7 60.
h3 Kd5 61. Kd3 Nc4 62. f4 Nd6 63. g4 Ne4 64. gxf5 gxf5 65. h4 Bxh4 66. Nf8 Be7
67. Ng6 Bd6 68. Nh4 Ng3 69. Ng2 Nh5 70. Ne3+ Ke6 71. Nxf5 Kxf5 72. Kd4 a5 0-1

[Event "39th Olympiad Women"]
[Site "Khanty-Mansiysk RUS"]
[Date "2010.09.24"]
[Round "4"]
[White "Plazaola, Maria De Los Angeles"]
[Black "Bhatia, Kanwal K"]
[Result "0-1"]
[WhiteTitle "WIM"]
[WhiteElo "2203"]
[BlackElo "2072"]
[Board "26.3"]
[WhiteTeam "ARG"]
[BlackTeam "ENG"]
[WhiteFideId "113395"]
[BlackFideId "407496"]
[EventDate "2010.09.21"]
[EventType "team"]

1. e4 e5 2. Nf3 Nc6 3. d4 exd4 4. Nxd4 Nf6 5. Nc3 Bb4 6. Nxc6 bxc6 7. Bd3 d5 8.
e5 Ng4 9. O-O O-O 10. Bf4 f6 11. exf6 Qxf6 12. Bg3 Bd6 13. Ne2 Bd7 14. c3 Bxg3
15. Nxg3 Qh4 16. h3 Nxf2 17. Rxf2 Qxg3 18. Rxf8+ Rxf8 19. Qe2 Bxh3 20. Rf1 Rxf1+
21. Qxf1 Bxg2 22. Qxg2 Qxd3 23. Qf2 Qg6+ 24. Kh1 a6 25. a3 h5 26. Kh2 h4 27. Qe2
a5 28. a4 Qe4 29. Qh5 Qf4+ 30. Kg2 Qg3+ 31. Kf1 g6 32. Qe2 Qh3+ 33. Kg1 Qg3+ 34.
Kf1 Kf7 35. b4 Qxc3 36. bxa5 Qxa5 37. Qf2+ Ke6 38. Qxh4 Qa6+ 39. Ke1 Qc4 40.
Qh3+ Kd6 41. a5 Qb4+ 42. Kd1 Qxa5 43. Qg3+ Kc5 44. Qxg6 Qa4+ 45. Kd2 Qe4 46. Qf7
Qe5 47. Qf8+ Qd6 48. Qf5 Kb5 49. Qf1+ Kb6 50. Qb1+ Ka7 51. Qa1+ Kb7 52. Qb2+ Kc8
53. Qh8+ Kd7 54. Qh7+ Qe7 55. Qh3+ Qe6 56. Qh7+ Kd6 57. Qh2+ Qe5 58. Qh6+ Kc5
59. Qf8+ Qd6 60. Qf5 Qh2+ 61. Kc3 Qg3+ 62. Kd2 Qg2+ 63. Kc3 Qg3+ 64. Kd2 Qg7 65.
Qh5 Qd4+ 66. Kc2 Kb4 67. Qh3 Qc4+ 68. Kd2 d4 69. Qc8 Qc3+ 70. Kd1 Qf3+ 71. Kd2
Qe3+ 72. Kc2 d3+ 73. Kb2 Qe5+ 74. Ka2 Kc3 75. Qb7 Qa5+ 76. Kb1 Qb5+ 0-1

[Event "39th Olympiad Women"]
[Site "Khanty-Mansiysk RUS"]
[Date "2010.09.24"]
[Round "4"]
[White "Hegarty, Sarah N"]
[Black "Fernandez, Maria Florencia"]
[Result "1/2-1/2"]
[WhiteTitle "WFM"]
[WhiteElo "2084"]
[BlackElo "2119"]
[Board "26.4"]
[WhiteTeam "ENG"]
[BlackTeam "ARG"]
[WhiteFideId "2501465"]
[BlackFideId "116459"]
[EventDate "2010.09.21"]
[EventType "team"]

1. e4 c5 2. Nf3 d6 3. d4 cxd4 4. Nxd4 Nf6 5. Nc3 g6 6. Be3 Bg7 7. f3 O-O 8. Qd2
Nc6 9. O-O-O d5 10. Kb1 e5 11. Nxc6 bxc6 12. exd5 cxd5 13. Nxd5 Bb7 14. Nxf6+
Qxf6 15. Bg5 Qb6 16. Qe3 Qc7 17. Bd3 a5 18. Bh6 Bxh6 19. Qxh6 a4 20. a3 Rab8 21.
Ka1 Bd5 22. Qe3 Rfe8 23. Rb1 Qa5 24. Rhe1 f6 25. c4 Bf7 26. Red1 Rb3 27. Qd2 Qc5
28. Qc2 Qd4 29. Rbc1 Reb8 30. Be4 Qxb2+ 31. Qxb2 Rxb2 32. Rd8+ Rxd8 33. Kxb2
Rb8+ 34. Ka2 Rc8 35. Bd3 Rd8 36. Bf1 f5 37. Kb2 Rb8+ 38. Ka2 Kg7 39. Rb1 Rd8 40.
Kb2 Kf6 41. Kc3 e4 42. fxe4 fxe4 43. Be2 Be6 44. Rb4 e3 45. Bd3 Bf5 46. Rb6+ Kg5
47. Be2 h5 48. c5 Be4 49. g3 Kf5 50. Rd6 Rxd6 51. cxd6 Ke6 52. d7 Kxd7 53. Kd4
Bc2 54. Kxe3 Kd6 55. Kd4 Bb3 56. h4 Ke6 57. Ke4 Bc2+ 58. Kf4 Kf6 59. Bb5 Bd1 60.
Bd3 Bb3 61. Bb5 Bc2 62. Bc6 Bd1 63. Be8 Bc2 64. Ke3 Kf5 65. Bd7+ Ke5 66. Kd2 Bb3
67. Ke3 Bc2 68. Be8 Kf5 69. Bd7+ Ke5 70. Bh3 Bf5 71. Bf1 Bc2 72. Bb5 Kf5 73. Be2
Ke5 74. Bf3 Kf5 75. Kd4 Bb3 76. Kc5 Bc2 77. Kd6 Kf6 78. Be2 Bb3 79. Bf3 Bc2 80.
Kc5 Kf5 81. Kb4 Bb3 82. Kc5 Bc2 83. Kd4 Kf6 84. Kd5 Kf5 85. Kd6 Kf6 86. g4 hxg4
87. Bxg4 Bb3 88. Kc5 1/2-1/2

[Event "39th Olympiad Women"]
[Site "Khanty-Mansiysk RUS"]
[Date "2010.09.24"]
[Round "4"]
[White "Dimitrijevic, Aleksandra"]
[Black "Gutierrez, Leonela"]
[Result "1-0"]
[WhiteTitle "WFM"]
[WhiteElo "2242"]
[BlackElo "2062"]
[Board "27.2"]
[WhiteTeam "BIH"]
[BlackTeam "VEN"]
[WhiteFideId "929239"]
[BlackFideId "3900401"]
[EventDate "2010.09.21"]
[EventType "team"]

1. c4 Nf6 2. Nf3 g6 3. Nc3 Bg7 4. e3 O-O 5. Be2 d6 6. d4 Nc6 7. O-O e5 8. a3 a5
9. Bd2 Ne8 10. d5 Ne7 11. b4 axb4 12. axb4 Rxa1 13. Qxa1 f5 14. e4 Nf6 15. Bd3
f4 16. c5 Bg4 17. Be2 Bxf3 18. Bxf3 g5 19. Be2 g4 20. f3 h5 21. Qa7 b6 22. Nb5
Ne8 23. fxg4 h4 24. h3 Nc8 25. Qa3 Rf7 26. g5 Bf8 27. c6 Qxg5 28. Qa8 Rg7 29.
Bf3 Be7 30. Qxc8 Bd8 31. Kh1 Kh8 32. Ra1 Rg8 33. Qg4 Qf6 34. Qh5+ Kg7 35. Ra8
Qe7 36. Be1 Rh8 37. Qg4+ Kf8 38. Qd7 1-0

[Event "39th Olympiad Women"]
[Site "Khanty-Mansiysk RUS"]
[Date "2010.09.24"]
[Round "4"]
[White "Ubaldo Suarez, Maria Gisela"]
[Black "Dedijer, Sanja"]
[Result "1-0"]
[WhiteTitle "WIM"]
[WhiteElo "2054"]
[BlackElo "2055"]
[Board "27.3"]
[WhiteTeam "VEN"]
[BlackTeam "BIH"]
[WhiteFideId "3900630"]
[BlackFideId "14401878"]
[EventDate "2010.09.21"]
[EventType "team"]

1. d4 d5 2. Nf3 Nf6 3. c4 c6 4. Nc3 a6 5. e3 b5 6. cxd5 cxd5 7. Bd3 Bg4 8. O-O
e6 9. h3 Bh5 10. a4 b4 11. Ne2 Bxf3 12. gxf3 a5 13. e4 Be7 14. e5 Ng8 15. Re1 h5
16. f4 g6 17. Qc2 Nh6 18. Be3 Kf8 19. Rac1 Ra7 20. Kh1 h4 21. Bxg6 fxg6 22. Qxg6
Qb6 23. Rc8+ Bd8 24. f5 Nxf5 25. Qf6+ Ke8 26. Qxh8+ Kd7 27. Rec1 Ne7 28. R8c5
Nbc6 29. Nf4 Rc7 30. Qh6 Na7 31. Qxh4 Rxc5 32. Rxc5 Qa6 33. Kg2 b3 34. Qg4 Nac6
35. Qxe6+ Kc7 36. Nxd5+ Nxd5 37. Qxd5 Kb7 38. Qd7+ Bc7 39. Rb5+ Ka8 40. Qxc7
Nxd4 41. Qb8# 1-0

[Event "39th Olympiad Women"]
[Site "Khanty-Mansiysk RUS"]
[Date "2010.09.24"]
[Round "4"]
[White "Dedijer, Mira"]
[Black "Rincon Gonzalez, Liliam Esther"]
[Result "1-0"]
[WhiteElo "1973"]
[BlackElo "1870"]
[Board "27.4"]
[WhiteTeam "BIH"]
[BlackTeam "VEN"]
[WhiteFideId "14401622"]
[BlackFideId "3901963"]
[EventDate "2010.09.21"]
[EventType "team"]

1. e4 c5 2. Nf3 Nc6 3. d4 cxd4 4. Nxd4 g6 5. c4 Bg7 6. Be3 Nf6 7. Nc3 d6 8. Be2
O-O 9. O-O Bd7 10. Qd2 Nxd4 11. Bxd4 Bc6 12. f3 a5 13. b3 Nd7 14. Be3 Nc5 15.
Rab1 f5 16. exf5 Rxf5 17. Nd1 Ne6 18. Nf2 d5 19. Ng4 Kh8 20. Bd3 Rf8 21. cxd5
Qxd5 22. Bc4 Qxd2 23. Bxd2 Nd4 24. Be3 b5 25. Bd3 Rad8 26. Rfd1 Rd7 27. Nf2 Rfd8
28. Kf1 Be5 29. h3 Nf5 30. Bxf5 gxf5 31. Bb6 Rxd1+ 32. Rxd1 Rxd1+ 33. Nxd1 a4
34. bxa4 bxa4 35. Bc5 Bd6 36. Bxd6 exd6 37. a3 Kg7 38. Nc3 Kf6 39. f4 d5 40. Kf2
Ke6 41. Ke3 h5 42. g3 Kd6 43. Kd4 Be8 44. Nxd5 Bf7 45. Ne3 Be6 46. Nc4+ Kc6 47.
Nb2 Bb3 48. Ke5 Bc2 49. Kf6 Kd6 50. Kg5 Ke6 51. Kxh5 Kf6 52. g4 fxg4 53. hxg4 1-0

[Event "39th Olympiad Women"]
[Site "Khanty-Mansiysk RUS"]
[Date "2010.09.24"]
[Round "4"]
[White "Pintor, Ariana"]
[Black "Pacheco Medina, Hilzandryly"]
[Result "1-0"]
[WhiteTitle "WFM"]
[WhiteElo "2110"]
[BlackElo "1875"]
[Board "28.2"]
[WhiteTeam "POR"]
[BlackTeam "PUR"]
[WhiteFideId "1902806"]
[BlackFideId "3100480"]
[EventDate "2010.09.21"]
[EventType "team"]

1. e4 d5 2. exd5 Nf6 3. Bb5+ Nbd7 4. Nc3 a6 5. Ba4 b5 6. Bb3 Nb6 7. d4 Bb7 8.
Nf3 Nbxd5 9. Nxd5 Nxd5 10. O-O e6 11. c4 bxc4 12. Ba4+ c6 13. Ne5 Rc8 14. Bd2
Bd6 15. Qg4 g6 16. Bh6 f5 17. Qe2 Qh4 18. Nf3 Qe7 19. Rfe1 Kd7 20. Qxc4 Nb6 21.
Qb3 Nxa4 22. Qxb7+ Rc7 23. Qb3 1-0

[Event "39th Olympiad Women"]
[Site "Khanty-Mansiysk RUS"]
[Date "2010.09.24"]
[Round "4"]
[White "Monteiro, Sara Cristina Da Silv"]
[Black "Comas Colon, Rinelly"]
[Result "1-0"]
[WhiteElo "1818"]
[BlackElo "1696"]
[Board "28.4"]
[WhiteTeam "POR"]
[BlackTeam "PUR"]
[WhiteFideId "1909860"]
[BlackFideId "3101576"]
[EventDate "2010.09.21"]
[EventType "team"]

1. d4 g6 2. e4 Bg7 3. Nf3 d6 4. Bc4 Nf6 5. Nc3 O-O 6. Bg5 c6 7. Bb3 b5 8. Qd3
Bg4 9. h3 Bxf3 10. Qxf3 Qa5 11. Be3 Qc7 12. O-O Nbd7 13. a3 Rab8 14. Ne2 c5 15.
c3 c4 16. Bc2 e5 17. b4 Rfe8 18. d5 Nb6 19. a4 Nxa4 20. Bxa4 bxa4 21. Rxa4 Rb7
22. Rfa1 Ra8 23. g4 Nd7 24. h4 Nb6 25. Ra6 Nd7 26. Kg2 Nb8 27. R6a5 Qe7 28. h5
Bf6 29. hxg6 fxg6 30. Ng1 Bg5 31. Nh3 Bxe3 32. Qxe3 Qh4 33. f3 Qe7 34. Ng5 Nd7
35. Ne6 Nf8 36. Ng5 h6 37. Nh3 g5 38. Ra6 Ng6 39. Qe2 Rc7 40. Rc6 Nh4+ 41. Kf2
Rxc6 42. dxc6 Qf7 43. Qe3 a6 44. b5 Rf8 45. bxa6 Nxf3 46. Ke2 Nh4 47. a7 Ra8 48.
Nxg5 hxg5 49. Qxg5+ Ng6 50. c7 Qxc7 51. Qxg6+ Qg7 52. Qe6+ Qf7 53. Qxd6 Qe8 54.
Qd5+ Qf7 1-0

[Event "39th Olympiad Women"]
[Site "Khanty-Mansiysk RUS"]
[Date "2010.09.24"]
[Round "4"]
[White "Geldyeva, Mekhri"]
[Black "Cordero, Daniela"]
[Result "1-0"]
[WhiteTitle "WGM"]
[BlackTitle "WIM"]
[WhiteElo "2260"]
[BlackElo "2055"]
[Board "29.1"]
[WhiteTeam "TKM"]
[BlackTeam "BOL"]
[WhiteFideId "14000059"]
[BlackFideId "3301630"]
[EventDate "2010.09.21"]
[EventType "team"]

1. d4 Nf6 2. c4 e6 3. Nf3 b6 4. g3 c5 5. Bg2 Bb7 6. O-O Be7 7. Nc3 d5 8. Ne5
Nbd7 9. cxd5 exd5 10. Bg5 O-O 11. Nxd7 Qxd7 12. dxc5 bxc5 13. Bxf6 Bxf6 14. Nxd5
Bxd5 15. Bxd5 Rad8 16. e4 Bxb2 17. Rb1 Rb8 18. Qc2 Bd4 19. Rb3 Rb6 20. Kg2 Rh6
21. h4 Qg4 22. Qd1 Qg6 23. Qf3 Qd6 24. Rb7 Rf6 25. Qb3 h6 26. f4 Qa6 27. Qc4 Qa5
28. Qe2 Rb6 29. Rb1 Rxb1 30. Rxb1 Rc8 31. Rb5 Qc3 32. Rb7 Rf8 33. Rxf7 Rxf7 34.
Qh5 Qd2+ 35. Kh3 Qf2 36. Qxf7+ 1-0

[Event "39th Olympiad Women"]
[Site "Khanty-Mansiysk RUS"]
[Date "2010.09.24"]
[Round "4"]
[White "Luna, Raisa"]
[Black "Hallaeva, Bahar"]
[Result "0-1"]
[WhiteTitle "WFM"]
[BlackTitle "WFM"]
[WhiteElo "2030"]
[BlackElo "2174"]
[Board "29.2"]
[WhiteTeam "BOL"]
[BlackTeam "TKM"]
[WhiteFideId "3301508"]
[BlackFideId "14000679"]
[EventDate "2010.09.21"]
[EventType "team"]

1. d4 Nf6 2. c4 e6 3. Nf3 b6 4. Bg5 Bb7 5. Nc3 Bb4 6. Qc2 h6 7. Bh4 g5 8. Bg3
Ne4 9. a3 Bxc3+ 10. bxc3 d6 11. e3 Nd7 12. Nd2 f5 13. f3 Nxd2 14. Qxd2 Qf6 15.
Bd3 O-O-O 16. O-O e5 17. Qc2 Rhf8 18. a4 a5 19. Rab1 Bc6 20. Bf2 Rde8 21. e4 f4
22. Rfd1 Qe7 23. Qb3 Bb7 24. Bf1 h5 25. Be2 Rg8 26. Kf1 g4 27. Qc2 Ref8 28. Bg1
Rg6 29. Rb2 h4 30. fxg4 f3 31. Bxf3 Rxg4 32. Bf2 Rgf4 33. d5 h3 34. Qd3 Qg7 35.
Rdd2 Ba6 36. Re2 hxg2+ 37. Bxg2 Nc5 38. Qh3+ Kb7 39. Ke1 Bxc4 40. Re3 Nd3+ 41.
Rxd3 Bxd3 42. Bg3 Rh8 43. Bh4 Bxe4 44. Qg3 Rg4 45. Bf6 Rxg3 46. Bxg7 Rxg7 47.
Bxe4 Rg1+ 48. Kf2 Rxh2+ 0-1

[Event "39th Olympiad Women"]
[Site "Khanty-Mansiysk RUS"]
[Date "2010.09.24"]
[Round "4"]
[White "Ovezova, Maisa"]
[Black "Solis, Gabriela"]
[Result "1-0"]
[WhiteTitle "WFM"]
[WhiteElo "2117"]
[BlackElo "1934"]
[Board "29.3"]
[WhiteTeam "TKM"]
[BlackTeam "BOL"]
[WhiteFideId "14000393"]
[BlackFideId "3301338"]
[EventDate "2010.09.21"]
[EventType "team"]

1. d4 f5 2. e3 Nf6 3. Bd3 e6 4. Nf3 b6 5. O-O Bb7 6. b3 Be7 7. Bb2 Na6 8. a3 c5
9. Nbd2 Nc7 10. dxc5 bxc5 11. Qe2 O-O 12. e4 fxe4 13. Nxe4 Nxe4 14. Bxe4 Bxe4
15. Qxe4 Nd5 16. Rad1 Bf6 17. Bxf6 Rxf6 18. Qd3 Rg6 19. g3 Qc7 20. c4 Nf6 21.
Qd6 Qa5 22. Ne5 Rh6 23. Nxd7 Nxd7 24. Qxd7 Qxa3 25. Ra1 1-0

[Event "39th Olympiad Women"]
[Site "Khanty-Mansiysk RUS"]
[Date "2010.09.24"]
[Round "4"]
[White "Tjolsen, Katrine"]
[Black "Baklanova, Tatiana"]
[Result "1-0"]
[WhiteTitle "WIM"]
[BlackTitle "WIM"]
[WhiteElo "2259"]
[BlackElo "2247"]
[Board "31.1"]
[WhiteTeam "NOR"]
[BlackTeam "ISCA"]
[WhiteFideId "1505793"]
[BlackFideId "14100754"]
[EventDate "2010.09.21"]
[EventType "team"]

1. Nf3 Nf6 2. c4 g6 3. Nc3 d5 4. cxd5 Nxd5 5. Qa4+ Bd7 6. Qh4 Nb6 7. d4 h6 8. e4
Bg7 9. Bd3 Nc6 10. e5 Be6 11. O-O Nb4 12. Bb1 a5 13. Qg3 Qc8 14. Ne4 Bd5 15. Nh4
Bf8 16. Re1 Nc6 17. Be3 a4 18. Nc5 g5 19. Nf3 Nc4 20. e6 f6 21. Qh3 Nxb2 22.
Bg6+ Kd8 23. Qf5 Ra5 24. Qxd5+ 1-0